Yüklüyor......
Baloonukal /
| Yazar: | |
|---|---|
| Materyal Türü: | Printed Book |
| Dil: | English |
| Baskı/Yayın Bilgisi: |
Kottayam:
D.C.Books,
c2007.
|
| Edisyon: | 2 nd ed. |
| Konular: |
| LEADER | 00554 a2200169 4500 | ||
|---|---|---|---|
| 008 | 150103s9999 000 0 eng | ||
| 020 | |a 817180523X | ||
| 082 | |a 813 | ||
| 100 | |a Sivasankara Pillai, Thakazhi. | ||
| 245 | |a Baloonukal / | ||
| 250 | |a 2 nd ed. | ||
| 260 | |a Kottayam: |b D.C.Books, |c c2007. | ||
| 300 | |a 424 p. | ||
| 650 | |a Malayalam fiction | ||
| 942 | |c BK | ||
| 999 | |c 308567 |d 308567 | ||
| 952 | |0 0 |1 0 |2 ddc |4 0 |6 813_000000000000000_SIV_BA |7 0 |9 354125 |a DRA |b DRA |c ST1 |d 2018-01-12 |i 10075 |l 1 |o 813 SIV/BA |p DRA10075 |r 2018-09-15 |s 2018-08-04 |v 280.00 |w 2018-01-12 |y BK | ||